000 00283nam a22001337a 4500
008 170911b xxu||||| |||| 00| 0 eng d
020 _a0070615519
041 _aeng
080 _a52
100 _a42
101 _aAST
245 _aSYSTEMS GRAPHICS
_cSTITT.F.A
942 _2udc
_cBK
999 _c27026
_d27026